Every Music Pass Collab in Fortnite - Statistics

General Stats
  • This quiz has been taken 16 times
  • The average score is 8 of 12
Answer Stats
Hint Answer % Correct
FS3 Billie Eilish
83%
FS9 Bruno Mars
83%
FS13 Chappell Roan
83%
FS1 The Weeknd
83%
FS4 Metallica
67%
FS8 Sabrina Carpenter
67%
FS7 Hatsune Miku
50%
FS5 Karol G
50%
FS2 Lady Gaga
50%
FS12 LISA
50%
FS6 Snoop Dogg
50%
FS10 Gorillaz
33%
No matching quizzes found
Score Distribution
Percent of People with Each Score
Percentile by Number Answered
Your Score History
You have not taken this quiz